00522nam a2200133 a 450000100100000000500170001000800410002704000250006808200160009311001140010924500580022326000770028130000300035800002528120200930023659.0110214s1998 dr a r 000 0 spa d aDO-SdBNPbspacBNPHU axxxxbR426e1 aRepública DominicanabSecretaría de Estado de Educación y CulturabOficina de Planificación Educativa10aEstadística e indicadores de educación 1996-1997. aSanto Domingo :bSecretaría de Estado de Educación y Cultura,c1998. a121 p. :bgraf. ;c29 cm.